Miasta Europy z powyżej 500tys mieszkańców - Statystyki

Ogólne statystyki
  • Ten quiz został rozwiązany 370 razy
    338 od ostatniego zresetowania
  • Średni wynik to 64 z 93
Statystyki odpowiedzi
Państwo Miasto % Poprawnych
Hiszpania Barcelona
99%
Hiszpania Madryt/Madrid
99%
Portugalia Lizbona/Lisboa
98%
Wielka Brytania Londyn/London
97%
Irlandia Dublin
96%
Polska Warszawa/Warsaw
96%
Polska Kraków
95%
Włochy Rzym/Roma
95%
Ukraina Kijów/Kyjiw
94%
Francja Paryż/Paris
94%
Polska Poznań
94%
Polska Wrocław
94%
Holandia Amsterdam
93%
Niemcy Berlin
93%
Dania Kopenhaga/Kobenhavn
93%
Norwegia Oslo
93%
Czechy Praga/Praha
93%
Grecja Ateny/Athina
92%
Belgia Bruksela/Bruxelles
92%
Polska Łódź
92%
Szwecja Sztokholm/Stockholm
92%
Węgry Budapeszt/Budapest
91%
Rumunia Bukareszt/Bucuresti
91%
Finlandia Helsinki
91%
Włochy Mediolan/Milano
91%
Rosja Moskwa
91%
Austria Wiedeń/Wien
91%
Litwa Wilno/Vilnius
91%
Białoruś Mińsk/Minsk
90%
Łotwa Ryga/Riga
90%
Chorwacja Zagrzeb/Zagrzeb
90%
Niemcy Hamburg
89%
Wielka Brytania Manchester
89%
Włochy Neapol/Napoli
89%
Hiszpania Sewilla/Sevilla
89%
Bułgaria Sofia/Sofija
89%
Wielka Brytania Liverpool
88%
Niemcy Monachium/Munchen
88%
Mołdawia Kiszyniów/Chisinau
87%
Francja Marsylia/Marseille
87%
Serbia Belgrad/Beograd
86%
Holandia Rotterdam
86%
Ukraina Lwów/Lwiw
85%
Francja Lyon
85%
Włochy Turyn/Torino
84%
Hiszpania Valencia/Walencja
84%
Wielka Brytania Birmingham
81%
Ukraina Charków/Charkiw
81%
Niemcy Frankfurt
80%
Niemcy Dortmund
79%
Niemcy Kolonia/Koln
78%
Ukraina Donieck/Doneck
76%
Wielka Brytania Glasgow
76%
Ukraina Odessa/Odesa
76%
Turcja Stambuł/Istambuł/Stambul/Istambul
75%
Niemcy Lipsk/Leipzig
74%
Holandia Haga
73%
Włochy Palermo
71%
Belgia Antwerpia
70%
Niemcy Drezno/Dresden
67%
Niemcy Stuttgart
64%
Niemcy Brema/Bremen
62%
Szwecja Goteborg
62%
Niemcy Dusseldorf
61%
Hiszpania Malaga
61%
Niemcy Hanower/Hannover
57%
Francja Lille
56%
Rosja Sankt Petersburg
55%
Hiszpania Zaragoza/Saragossa
54%
Włochy Genua/Genova
53%
Niemcy Norymberga/Nurnberg
52%
Rosja Kazań
50%
Francja Tuluza/Toulouse
47%
Rosja Wołgograd
47%
Niemcy Essen
43%
Wielka Brytania Newcastle
40%
Wielka Brytania Sheffield
40%
Ukraina Zaporoże
39%
Rosja Samara
33%
Rosja Ufa
33%
Rosja Krasnodar
29%
Rosja Perm
29%
Niemcy Duisburg
22%
Rosja Saratow
17%
Niemcy Munster
15%
Rosja Tuła
13%
Rosja Astrachań
12%
Rosja Riazań
9%
Rosja Iżewsk
6%
Rosja Woronież
5%
Rosja Nabierieżnyje Czełny
4%
Rosja Rostow na Donu
2%
Rosja Niżnij Nowogród
1%
Nie znaleziono quizów pasujących do podanych kryteriów
Rozkład punktacji
Procent ludzi z każdym wynikiem
Percentyl według liczby udzielonych odpowiedzi
Twoja historia wyników
Nie rozwiązałeś tego quizu od ostatniego zresetowania